Agrochemistry of the soils of the USSR: Far east (Record no. 39126)

MARC details
000 -LEADER
fixed length control field 00396nam a2200133Ia 4500
082 ## - DEWEY DECIMAL CLASSIFICATION NUMBER
Classification number 631.4(47+57)
Item number SOK
245 #0 - TITLE STATEMENT
Title Agrochemistry of the soils of the USSR: Far east
260 ## - PUBLICATION, DISTRIBUTION, ETC. (IMPRINT)
Place of publication Jerusalem
Name of publisher Israel program for Sc Translation
Year of publication 1974
505 ## - FORMATTED CONTENTS NOTE
Formatted contents note Tr from Russian by N Kaner
650 ## - SUBJECT ADDED ENTRY--TOPICAL TERM
Topical Term Maritime soils
700 ## - ADDED ENTRY--PERSONAL NAME
Personal name Sokolov, A V
942 ## - ADDED ENTRY ELEMENTS (KOHA)
Koha item type Books
Holdings
Withdrawn status Lost status Damaged status Not for loan Home library Current library Date acquired Full call number Accession Number Koha item type
        RRII Library RRII Library 16/12/2021 631.4(47+57) SOK 19471 Books